Analýza cien nehnuteľností na Slovensku bakalárska práca

Na minha lista:
Detalhes bibliográficos
Autor principal: Holečková, Dáša
Autor Corporativo: Fakulta hospodárskej informatiky EU. Katedra štatistiky
Outros Autores: Dluhoš, Martin, 1991-
Formato: Livro
Idioma:eslovaco
Publicado em: Bratislava 2022
Tags: Adicionar Tag
Sem tags, seja o primeiro a adicionar uma tag!

MARC

LEADER 00000nbm a2200000 4500
001 0286181
005 20230123095324.5
041 0 |a slo 
044 |a SK 
245 1 0 |a Analýza cien nehnuteľností na Slovensku  |b bakalárska práca  |c Dáša Holečková ; školiteľ: Martin Dluhoš 
264 1 |a Bratislava  |c 2022 
300 |a 52 s. 
100 1 |a Holečková, Dáša 
700 1 |a Dluhoš, Martin, 1991- 
710 2 |a Fakulta hospodárskej informatiky EU. Katedra štatistiky